Estadísticas para Todos los Países por Bandera y Forma

Haz click aquí para intentar la prueba.

Estadísticas generales

  • Esta prueba ha sido intentada 5.132 veces
  • La puntuación promedio es 127 de 196

Estadísticas de respuestas

Respuesta% Correcto
Australia
99%
Estados Unidos
99%
Reino Unido
99%
China
98%
Canadá
96%
Francia
96%
Grecia
95%
Chile
94%
Islandia
94%
Noruega
94%
India
93%
Italia
93%
Alemania
92%
España
92%
México
91%
Portugal
91%
Rusia
91%
Turquía
91%
Argentina
90%
Croacia
90%
Jamaica
90%
Nueva Zelanda
90%
Cuba
89%
Dinamarca
89%
Suiza
89%
Ucrania
89%
Israel
88%
Vietnam
88%
Brasil
87%
Colombia
87%
Venezuela
87%
Bélgica
86%
Corea del Norte
86%
Panamá
86%
Suecia
86%
Japón
85%
Ecuador
84%
Austria
83%
Estonia
83%
Indonesia
83%
Irlanda
83%
Chipre
82%
Sudáfrica
82%
Finlandia
81%
Malasia
81%
Bangladés
80%
Filipinas
80%
Malta
80%
Perú
80%
República Checa
79%
Tailandia
79%
Kazajistán
78%
Pakistán
78%
Polonia
78%
Países Bajos
77%
Eslovaquia
76%
Irán
76%
Corea del Sur
74%
Costa Rica
74%
Líbano
74%
Marruecos
74%
Serbia
74%
Uruguay
74%
Albania
73%
Catar
73%
Haití
72%
Honduras
72%
Senegal
72%
Bulgaria
71%
Camerún
71%
Laos
71%
Luxemburgo
71%
Montenegro
71%
Bosnia y Herzegovina
70%
Egipto
70%
Kosovo
70%
Moldavia
70%
Paraguay
70%
Rumania
70%
Somalia
70%
Eslovenia
69%
Guatemala
69%
Nicaragua
69%
Túnez
69%
Andorra
68%
Azerbaiyán
68%
El Salvador
68%
Taiwán
68%
Uzbekistán
68%
Arabia Saudita
67%
Emiratos Árabes Unidos
67%
Georgia
67%
Mongolia
67%
Armenia
66%
Bielorrusia
66%
Camboya
66%
Ciudad del Vaticano
66%
Costa de Marfil
66%
Irak
66%
Macedonia del Norte
66%
Nigeria
66%
Singapur
66%
Angola
65%
Letonia
65%
República Dominicana
65%
Mozambique
64%
Myanmar
64%
Papua Nueva Guinea
64%
Argelia
63%
Siria
63%
Afganistán
62%
Hungría
62%
Kenia
62%
Malí
62%
República Democrática del Congo
62%
Kirguistán
61%
Bahamas
60%
San Marino
60%
Sri Lanka
60%
Madagascar
59%
Turkmenistán
59%
Barbados
58%
Bolivia
58%
Eritrea
58%
Uganda
58%
Bután
57%
Nepal
57%
Etiopía
56%
Ghana
56%
Liberia
56%
Malaui
56%
República Centroafricana
56%
Zambia
56%
Belice
55%
Brunéi
55%
Gabón
55%
Kuwait
55%
Liechtenstein
55%
Tayikistán
55%
Chad
54%
Santa Lucía
54%
Seychelles
54%
Lituania
53%
Togo
53%
Trinidad y Tobago
53%
Gambia
52%
Níger
52%
República del Congo
52%
Benín
51%
Burkina Faso
51%
Mauritania
51%
Mónaco
51%
Guyana
50%
Namibia
50%
Guinea
49%
Tanzania
49%
Timor Oriental
49%
Baréin
48%
Botsuana
48%
Jordania
48%
Libia
48%
Suazilandia
48%
Yemen
48%
Dominica
47%
Lesoto
47%
Omán
47%
Sudán
47%
Antigua y Barbuda
46%
Surinam
46%
Burundi
45%
Palaos
45%
Sudán del Sur
45%
Samoa
42%
Mauricio
41%
Nauru
41%
San Cristóbal y Nieves
41%
Zimbabue
41%
Fiyi
40%
Sierra Leona
40%
Yibuti
40%
Comoras
39%
Guinea-Bissau
39%
Guinea Ecuatorial
39%
Ruanda
38%
Granada
36%
San Vicente y las Granadinas
35%
Estados Federados de Micronesia
34%
Islas Salomón
32%
Islas Marshall
29%
Cabo Verde
28%
Vanuatu
28%
Kiribati
26%
Maldivas
25%
Santo Tomé y Príncipe
25%
Tuvalu
25%
Tonga
24%

Distribución de puntuación

Porcentaje por número respondido

Porcentaje de gente con cada puntuación

Historial de tus puntuaciones

No has intentado esta prueba.